000 00409nam a22001697a 4500
005 20180321105919.0
008 160513b xxu||||| |||| 00| 0 eng d
020 _a978-81-203-2731-3
041 _aeng
082 _b2049
_a338.502 465 8
100 _aMaheswari,Yogesh
_94214
245 _aManagerial Economics
260 _aNew Delhi
_bPHI,
_c2009
300 _a280
650 _aManagement
_9241
942 _cBK
999 _c747
_d747